000
00333nam a2200121Ia 4500
008
170224s9999 xx 000 0 und d
245
_a
Perspectives of nursing faculty in Africa on global health nursing competencies
260
_b
Nursing Outlook
260
_c
2016
300
_a
64:2
500
_a
March April
650
_x
Nursing.
999
_c
317033
_d
317033